000 00731nas a2200229 4500
001 BR2012009325
003 BR-BrBNA
005 20231205121558.0
007 ta
008 230509b bl.|||p| |||| 00| 00por d
040 _aBR-BrBNA
_bpor
_cBiblioteca Nacional de Agricultura
041 _a(Es)
072 _aF40
100 1 _aAltamirano, A.J.
245 1 _aLos camélidos fósiles del sitio Toca da Esperança, Bahia, Brasil
650 _aMAMÍFEROS
650 _aPALENTOLOGIA
650 _aFILOGENIA
773 0 _tBoletim do Museu Paraense Emílio Goeldi. Ciências Naturais (Brazil)
_xISSN 1981-8114
_g(May-Aug 2006), v. 1(2) p. 147-162
_wBR2012009325
909 _a202311
_bLúcia
_c55
_dLúcia Elande
942 _2AGRIS
_n0
_cANA
999 _c224213
_d224213